Fr. Conceicao Rodrigues College of Engineering

Basic Chemistry (Record no. 28350)

MARC details
000 -LEADER
fixed length control field 00251nam a2200121Ia 4500
082 ## - DEWEY DECIMAL CLASSIFICATION NUMBER
Classification number 540/JAD
100 ## - MAIN ENTRY--PERSONAL NAME
Personal name Jadhav D.D.
245 ## - TITLE STATEMENT
Title Basic Chemistry
260 ## - PUBLICATION, DISTRIBUTION, ETC.
Name of publisher, distributor, etc. Tech-Max Publ
Place of publication, distribution, etc. Pune
Date of publication, distribution, etc. 2008
546 ## - LANGUAGE NOTE
Language note ENGLISH
650 ## - SUBJECT ADDED ENTRY--TOPICAL TERM
Topical term or geographic name entry element Chemistry
942 ## - ADDED ENTRY ELEMENTS (KOHA)
Koha item type BOOK
Holdings
Withdrawn status Lost status Damaged status Not for loan Collection Home library Current library Date acquired Cost, normal purchase price Total Checkouts Full call number Barcode Date last seen Cost, replacement price Price effective from Koha item type
        AFT Fr. Agnel's C.Rodrigues College of Engineering Fr. Agnel's C.Rodrigues College of Engineering 17/03/2023 120.00   540/JAD AFT8129 17/03/2023 120.00   BOOK